Evaluación de las herramientas de software léxico y c# como alternativas en la enseñanza y el aprendizaje de la programación orientada a objetos (Registro nro. 450333)

Detalles MARC
000 -CABECERA
campo de control de longitud fija 01272nam a2200289uu 4500
001 - NÚMERO DE CONTROL
campo de control 1066917
005 - FECHA Y HORA DE LA ÚLTIMA TRANSACCIÓN
campo de control 20260507082726.0
007 - CAMPO FIJO DE DESCRIPCIÓN FÍSICA--INFORMACIÓN GENERAL
campo de control de longitud fija cr|||||||
008 - DATOS DE LONGITUD FIJA--INFORMACIÓN GENERAL
campo de control de longitud fija 080211e20060130 spa
035 ## - NÚMERO DE CONTROL DEL SISTEMA
Número de control de sistema 1066917
040 ## - FUENTE DE LA CATALOGACIÓN
Centro/agencia transcriptor comduadb
041 ## - CÓDIGO DE LENGUA
Código de lengua del texto/banda sonora o título independiente spa
080 ## - NÚMERO DE LA CLASIFICACIÓN DECIMAL UNIVERSAL
Número de la Clasificación Decimal Universal PSI
100 10 - ENTRADA PRINCIPAL--NOMBRE DE PERSONA
Nombre de persona Morales Múnera, Sandra María
Código de función aut
Término indicativo de función/relación Autor/a
9 (RLIN) 449172
245 10 - TÍTULO PROPIAMENTE DICHO
Título propiamente dicho Evaluación de las herramientas de software léxico y c# como alternativas en la enseñanza y el aprendizaje de la programación orientada a objetos
260 ## - PUBLICACIÓN, DISTRIBUCIÓN, ETC.
Lugar de publicación, distribución, etc. Medellín :
Nombre del editor, distribuidor, etc. [sin publicador],
Fecha de publicación, distribución, etc. 2006.
300 ## - DESCRIPCIÓN FÍSICA
Extensión 109 páginas
520 3# - SUMARIO, ETC.
Nota de Sumario, etc. Se comparan algunos efectos de las herramientas Léxico y C# en la enseñanza de la POO con jóvenes de instituciones educativas de educación media del municipio de Copacabana, buscando que la experiencia en la construcción de algoritmos permita desarrollar sus capacidades lógicas.
502 ## - NOTA DE TESIS
Tipo de título Tesis (Ingeniero/a de Sistemas).
Nombre de la institución que otorga el título Universidad de Antioquia. Facultad de Ingeniería,
526 ## - NOTA DE INFORMACIÓN SOBRE EL PROGRAMA DE ESTUDIO
Nombre del programa Universidad de Antioquia. Facultad de Ingeniería. Ingeniería de Sistemas.
650 ## - PUNTO DE ACCESO ADICIONAL DE MATERIA--TÉRMINO DE MATERIA
Término de materia o nombre geográfico como elemento de entrada Programa para computador Léxico
9 (RLIN) 167097
650 #7 - PUNTO DE ACCESO ADICIONAL DE MATERIA--TÉRMINO DE MATERIA
Término de materia o nombre geográfico como elemento de entrada Programación orientada a objetos (Computación)
Fuente del encabezamiento o término lemb
9 (RLIN) 52347
650 ## - PUNTO DE ACCESO ADICIONAL DE MATERIA--TÉRMINO DE MATERIA
Término de materia o nombre geográfico como elemento de entrada Herramientas de programación (computadores)
9 (RLIN) 154686
650 #7 - PUNTO DE ACCESO ADICIONAL DE MATERIA--TÉRMINO DE MATERIA
Término de materia o nombre geográfico como elemento de entrada Algoritmos (Computadores)
Fuente del encabezamiento o término lemb
9 (RLIN) 173839
700 10 - ENTRADA AGREGADA--NOMBRE PERSONAL
Nombre de persona Ríos Castrillón, Fabián
Código de función ths
Término indicativo de función/relación Asesor/a de tesis
9 (RLIN) 478035
942 ## - ELEMENTOS DE ENTRADA AGREGADA (KOHA)
Tipo de ítem Koha Tesis
Existencias
Estado de retiro Estado de pérdida Estado dañado No para préstamo Código de colección Localización permanente Ubicación/localización actual Fecha de adquisición Número de inventario Total de préstamos Signatura topográfica completa Fecha visto por última vez Número de copia Precio válido a partir de Tipo de ítem Koha
        Colección de Tesis Electrónicas Centro Documentación Ingeniería (Bl. 20-146) Centro Documentación Ingeniería (Bl. 20-146) 11/02/2008 C989010   PSI 01855 27/04/2023 1 27/04/2023 Internet